Southville International School and Colleges
Your cart is empty.
  • Cart
  • Lists
    Public lists Eva Luna New books Lux_list list_1
    Your lists Log in to create your own lists
  • Log in to your account
  • Your cookies
  • Search history
Southville International School and Colleges
  • Advanced search
  • Recent comments
  • Most popular
  • Libraries

Log in to your account

Log in with GOOGLE


If you do not have an external account, but do have a local account, you can still log in:

  1. Home
  2. MARC view: The burglar who thought he was bogart :
Normal view MARC view ISBD view

The burglar who thought he was bogart : (Record no. 11043)

[ view plain ]
MARC details
000 -LEADER
fixed length control field 00961cam a2200301 a 4500
001 - CONTROL NUMBER
control field 2085704
003 - CONTROL NUMBER IDENTIFIER
control field SISC
005 - DATE AND TIME OF LATEST TRANSACTION
control field 20160212091736.0
008 - FIXED-LENGTH DATA ELEMENTS--GENERAL INFORMATION
fixed length control field 950105s1995 nyu 000 1 eng
010 ## - LIBRARY OF CONGRESS CONTROL NUMBER
LC control number 95001969
020 ## - INTERNATIONAL STANDARD BOOK NUMBER
International Standard Book Number 0451186346
040 ## - CATALOGING SOURCE
Original cataloging agency DLC
Transcribing agency DLC
Modifying agency DLC
043 ## - GEOGRAPHIC AREA CODE
Geographic area code n-us-ny
050 00 - LIBRARY OF CONGRESS CALL NUMBER
Classification number PS 3552
Item number .B875 1995
082 00 - DEWEY DECIMAL CLASSIFICATION NUMBER
Classification number FIC
Item number B62b 1995
100 1# - MAIN ENTRY--PERSONAL NAME
Personal name Block, Lawrence.
9 (RLIN) 18703
245 14 - TITLE STATEMENT
Title The burglar who thought he was bogart :
Remainder of title a bernie rhodenbarr mystery
Statement of responsibility, etc Lawrence Block
260 ## - PUBLICATION, DISTRIBUTION, ETC. (IMPRINT)
Place of publication, distribution, etc New York :
Name of publisher, distributor, etc Penguin books,
Date of publication, distribution, etc c1995.
300 ## - PHYSICAL DESCRIPTION
Extent 382 p. ;
Dimensions 18 cm.
562 ## - COPY AND VERSION IDENTIFICATION NOTE
Number of copies 1
650 #0 - SUBJECT ADDED ENTRY--TOPICAL TERM
Topical term or geographic name as entry element Fiction
9 (RLIN) 746
651 #0 - SUBJECT ADDED ENTRY--GEOGRAPHIC NAME
Geographic name New York (N.Y.)
Form subdivision Fiction.
9 (RLIN) 18714
655 #7 - INDEX TERM--GENRE/FORM
Genre/form data or focus term Detective and mystery stories.
Source of term gsafd
9 (RLIN) 3472
906 ## - LOCAL DATA ELEMENT F, LDF (RLIN)
a 7
b cbc
c orignew
d 1
e ocip
f 19
g y-gencatlg
942 ## - ADDED ENTRY ELEMENTS (KOHA)
Source of classification or shelving scheme Library of Congress Classification
Koha item type Books
Holdings
Withdrawn status Lost status Source of classification or shelving scheme Damaged status Home library Current library Shelving location Date acquired Total Checkouts Full call number Barcode Date last seen Copy number Price effective from Koha item type
    Library of Congress Classification   Luxembourg Library Luxembourg Library Fiction Section 09/12/2013   PS 3552 .B875 1995 7069 09/12/2013 1 09/12/2013 Books

The burglar who thought he was bogart :

APA

Block L., . (1995). The burglar who thought he was bogart. New York: Penguin books.

Chicago

Block Lawrence, . 1995. The burglar who thought he was bogart. New York: Penguin books.

Harvard

Block L., . (1995). The burglar who thought he was bogart. New York: Penguin books.

MLA

Block Lawrence, . The burglar who thought he was bogart. New York: Penguin books. 1995.

  • Place hold
  • Print
  • Cite
  • Add to your cart (remove)
  • Save record
    BIBTEX Dublin Core MARCXML MARC (non-Unicode/MARC-8) MARC (Unicode/UTF-8) MARC (Unicode/UTF-8, Standard) MODS (XML) RIS
  • More searches
    Search for this title in:
    Other Libraries (WorldCat) Other Databases (Google Scholar) Online Stores (Bookfinder.com) Open Library (openlibrary.org)

Exporting to Dublin Core...

SOUTHVILLE LIBRARY

Southville International School and Colleges Library

1281 Tropical Ave. Cor. Luxembourg St., BF Homes International, Las Pinas City

Tel. No. 8256374 / 252358 Loc. 117/146

Powered by Koha